Statistiques concernant Chap 1: les acteurs économiques

Cliquez ici pour prendre le quiz!

Statistiques générales

  • Ce quiz a été pris 11 fois
  • Le résultat moyen est 6 sur 9

Statistiques - réponses

QuestionRéponse% Correct
Quel est le rôle principal des ménages dans l'économie en termes de demande globale ?Consommation
100%
Quelle est la théorie de l'effet de levier dans la décision d'investissement des entreprises ?Les entreprises empruntent des capitaux pour développer leurs activités à grande échelle.
100%
Quelle mesure est utilisée pour évaluer la réduction des inégalités dans la distribution des revenus ?Indice de Gini
78%
Quelle est la proposition correcte concernant la fonction de consommation selon Keynes ?La consommation augmente avec le revenu, mais à un rythme plus faible.
67%
Quels sont les cinq secteurs institutionnels rassemblant les agents selon leur fonction spécifique ?Les ménages, les entreprises, les banques, l'État, les associations
67%
Quel modèle économique s'intéresse au cycle de vie et à la variation du revenu selon la période de vie ?Théorie du cycle de vie de Franco Modigliani
67%
Qu'est-ce que l'effet de revenu permanent, également connu sous le nom d'effet Friedman ?Les ménages ajustent le volume de leurs encaisses en fonction du revenu monétaire total perçu.
56%
Qu'est-ce que l'économie, selon la définition formelle présentée dans le cours ?La science des choix dans un contexte de rareté
44%
Qu'est-ce que l'hystérésis, comme expliqué dans le cours ?Un maintien du niveau de consommation en période de récession
44%

Distribution des résultats

Percentile par nombre de réponses

% des personnes avec chaque résultat

Votre développement - résultats

Vous n’avez pas pris ce quiz